00820cam a2200241 a 45000010009000000050017000090080041000260100017000670200044000840200041001280350024001690350021001930400047002140500032002610820007002931000022003002450059003222500012003812600048003933000049004415040064004906500024005541554231520160806110221.0081203s2010 caua b 001 0 eng  a 2008052065 a9780321569769 (hard cover : alk. paper) a0321569768 (hard cover : alk. paper) a(OCoLC)ocn268788630 a(OCoLC)268788630 aDLCcDLCdBTCTAdYDXCPdC#PdBWXdCDXdDLC00aQH442.R865 2010b.R865 2010002221 aRussell, Peter J.10aiGenetics :ba molecular approach /cPeter J. Russell. a3rd ed. aSan Francisco :bBenjamin Cummings,cc2010. axix, 828 p. :bill. (chiefly col.) ;c29 cm. aIncludes bibliographical references (p. 728-741) and index. 0aMolecular genetics.